书目信息 |
| 题名: |
中国会展经济发展报告
|
|
| 作者: | 过聚荣 主编 | |
| 分册: | 2011 | |
| 出版信息: | 北京 社会科学文献出版社 2011.08 |
|
| 页数: | 210页 | |
| 开本: | 24cm | |
| 丛书名: | 皮书系列 | |
| 单 册: | ||
| 中图分类: | G245 , F063.1 | |
| 科图分类: | ||
| 主题词: | 展览会--服务经济学--研究报告--中国--2011 , 展览会 , 服务经济学 | |
| 电子资源: | ||
| ISBN: | 978-7-5097-2563-4 | |
| 000 | 01065oam2 2200313 45 | |
| 001 | 512 | |
| 005 | 20120531162237.01 | |
| 010 | @a978-7-5097-2563-4@dCNY59.00 | |
| 100 | @a20120328d2011 em y0chiy50 ea | |
| 101 | 0 | @achi@deng@eeng |
| 102 | @aCN@b110000 | |
| 105 | @aak z 000yy | |
| 106 | @ar | |
| 200 | 1 | @a中国会展经济发展报告@AZhong Guo Hui Zhan Jing Ji Fa Zhan Bao Gao@e2011版@E2011 Ban@h2011@f过聚荣主编@FGuo Ju Rong Zhu Bian |
| 210 | @a北京@c社会科学文献出版社@d2011.08 | |
| 215 | @a210页@c图@d24cm@e12011年版皮书 | |
| 225 | 2 | @a皮书系列 |
| 300 | @a会展经济蓝皮书 | |
| 330 | @a本书通过第一手资料的收集和采用问卷等实证研究方法,分析了中国会展经济的发展特征、相关问题以及变化趋势,探索了中国会展经济发展的基本规律及其表现方式等。 | |
| 461 | 0 | @12001 @a皮书系列 |
| 606 | 0 | @a展览会@x服务经济学@x研究报告@y中国@z2011 |
| 606 | 0 | @a展览会 |
| 606 | 0 | @a服务经济学 |
| 610 | 0 | @a会展经济 |
| 690 | @aG245@v4 | |
| 690 | @aF063.1@v4 | |
| 701 | 0 | @a过聚荣@AGuo Ju Rong@4主编 |
| 801 | 0 | @aCN@bTSTCL@c20120328 |
| 905 | @b0813545-51@dG245@e12@f7 | |
| 中国会展经济发展报告:2011版.2011/过聚荣主编.-北京:社会科学文献出版社,2011.08 |
| 210页:图;24cm+12011年版皮书.-(皮书系列) |
| 会展经济蓝皮书 |
| ISBN 978-7-5097-2563-4:CNY59.00 |
| 本书通过第一手资料的收集和采用问卷等实证研究方法,分析了中国会展经济的发展特征、相关问题以及变化趋势,探索了中国会展经济发展的基本规律及其表现方式等。 |
| ● |
| 相关链接 |
|
|
|
|
正题名:中国会展经济发展报告
索取号:G245/12
 
预约/预借
| 序号 | 登录号 | 条形码 | 馆藏地/架位号 | 状态 | 备注 |
| 1 | 0813545 | 208135454 | 第一样本阅览室/ [索取号:G245/12] | 在馆 | |
| 2 | 0813546 | 208135463 | 第四借阅区/ [索取号:G245/12] | 在馆 | |
| 3 | 0813547 | 208135472 | 第四借阅区/ [索取号:G245/12] | 在馆 | |
| 4 | 0813548 | 208135481 | 第四借阅区/ [索取号:G245/12] | 在馆 | |
| 5 | 0813549 | 208135490 | 第四借阅区/ [索取号:G245/12] | 在馆 | |
| 6 | 0813550 | 208135506 | 第四借阅区/ [索取号:G245/12] | 在馆 | |
| 7 | 0813551 | 208135515 | 第四借阅区/ [索取号:G245/12] | 在馆 |